<?xml version="1.0" encoding="UTF-8"?>
<collection xmlns="http://www.loc.gov/MARC21/slim">
 <record>
  <leader>00628pamaa2200169   4500</leader>
  <controlfield tag="001">0000040179</controlfield>
  <controlfield tag="005">20090609090000.0</controlfield>
  <datafield tag="020" ind1="0" ind2="0">
   <subfield code="a">0825838902 (pbk) </subfield>
  </datafield>
  <datafield tag="082" ind1=" " ind2=" ">
   <subfield code="a">808.042071HIN</subfield>
  </datafield>
  <datafield tag="090" ind1="0" ind2="0">
   <subfield code="a">PE1404 </subfield>
   <subfield code="b">HIN 2004</subfield>
  </datafield>
  <datafield tag="100" ind1="1" ind2="0">
   <subfield code="a">Hinkel </subfield>
  </datafield>
  <datafield tag="245" ind1="1" ind2="0">
   <subfield code="a">Teaching academic ESL writing : </subfield>
   <subfield code="b">practical techniques in vocabulary and grammar  </subfield>
   <subfield code="c">Eli Hinkel.</subfield>
  </datafield>
  <datafield tag="260" ind1="0" ind2="0">
   <subfield code="a">New Jersey: </subfield>
   <subfield code="b">Lawrence Erlbaum Associates, </subfield>
   <subfield code="c">2004.</subfield>
  </datafield>
  <datafield tag="300" ind1=" " ind2=" ">
   <subfield code="a">xii, 360p.; </subfield>
   <subfield code="c">23cm.</subfield>
  </datafield>
  <datafield tag="650" ind1="0" ind2="0">
   <subfield code="a">English Language -- </subfield>
   <subfield code="x">Rehtoric -- </subfield>
   <subfield code="x">Study and teaching </subfield>
  </datafield>
  <datafield tag="650" ind1="0" ind2="0">
   <subfield code="a">English language -- </subfield>
   <subfield code="x">Study and teaching -- </subfield>
   <subfield code="x">Foreign Speakers </subfield>
  </datafield>
  <datafield tag="650" ind1="0" ind2="0">
   <subfield code="a">Academic writing -- </subfield>
   <subfield code="x">Studying and teaching </subfield>
  </datafield>
 </record>
</collection>
